Missing Link - Song Titles - Statistics

General Stats
  • This quiz has been taken 19 times
  • The average score is 11 of 15
Answer Stats
Hint Answer Hint % Correct
It's My ...(Bon Jovi - 2000) Life ... Is a Highway(Rascal Flatts - 2006)
100%
Sparks ... (Taylor Swift - 2010) Fly ... Like an Eagle(Steve Miller Band - 1976)
94%
You can't hurry ... (The Supremes - 1966) Love ... Generation (Bob Sinclar, Gary Pine - 2005)
94%
Relax, Take it ...(Mika - 2007) Easy ... on Me(Adele - 2021)
88%
Betty Davis ...(Kim Carnes - 1981) Eyes ... Wide Shut(JLS - 2010)
88%
This is what it feels ...(Armin van Buuren - 2013) Like ... A Prayer(Madonna - 1989)
88%
Rocket ...(Elton John - 1972) Man ... On the Moon(R.E.M. - 1992)
88%
Mr Electric ...(Benson Boone - 2025) Blue ... (Da Ba Dee)(Eiffel 65 - 1999)
82%
Don't you want ...(The Human League - 1981) Me ... and my Broken Heart(Rixton - 2015)
82%
Safe and ...(Capital Cities - 2011) Sound ... of the Underground(Girls Aloud - 2003)
82%
Car ...(Twenty-one Pilots - 2013) Radio ... Ga Ga (Queen - 1984)
65%
Cracker ...(Gorillaz - 2023) Island ... in the Stream(Dolly Parton - 1983)
59%
We are ... (fun. - 2012) Young ... Folks(Peter Bjorn and John - 2006)
59%
Concrete and ...(Foo Fighters - 2017) Gold ... on the Ceiling(The Black Keys - 2012)
29%
Whole Lotta ...(Stevie Nicks - 1989) Trouble ... Town(Jake Bugg - 2012)
12%
No matching quizzes found
Score Distribution
Percent of People with Each Score
Percentile by Number Answered
Your Score History
You have not taken this quiz